Procedimiento civil Juicio ordinario de mayor cuanta̕ /

Detalles Bibliográficos
Autor principal: Rodrg̕uez Papic, Ignacio
Formato: eBook
Lenguaje:español
Publicado: [Chile] : Editorial jurd̕ica de Chile, 2010.
Materias:
Acceso en línea:Acceso restringido

MARC

LEADER 00000nam a22000007a 4500
005 20110826125114.0
008 110826t2010 cl |||||s|||| 00| 0 spa d
020 |a 978-956-10-1614-1 
035 |a 5484 
040 |a vLex 
090 |c 2276  |d 2276 
100 1 |a Rodrg̕uez Papic, Ignacio 
245 1 0 |a Procedimiento civil  |b Juicio ordinario de mayor cuanta̕ /  |c Ignacio Rodrg̕uez Papic   |h [Recurso electrn̤ico] : 
256 |a Servicio en ln̕ea. 
260 |a [Chile] :  |b Editorial jurd̕ica de Chile,  |c 2010. 
500 |a Pero̕do de la discusin̤: La demanda, las excepciones dilatorias, la contestacin̤ de la demanda y dems̀ trm̀ites hasta el estado de prueba o sentencia. Pero̕do de la Prueba: La Prueba en general, prueba instrumental, prueba testimonial, prueba confesional, la inspeccin̤ personal del tribunal, prueba pericial, las presunciones, apreciacin̤ comparativa de los medios de prueba. Procedimientos posteriores a la prueba y třmino del juicio ordinario.  
506 1 |a Contenido solo disponible en los productos indicados  |d vLex Global  |d vLex Global (Academic Edition, excluding Law Schools)  |d vLex Global (U.S. Academic Edition, Law Schools)  |d vLex Global (U.S. Academic Edition, excluding Law Schools)  |d vLex Global (Academic Edition, Law Schools) 
650 0 4 |a Derecho civil 
740 0 |a vLex Libros (Servicio en ln̕ea) 
856 4 0 |u http://vlex.com/source/procedimiento-civil-juicio-ordinario-mayor-cuantia-5484  |z Acceso restringido 
942 |c BOOK